UM Logo

Getting competition under control / (Record no. 23646)

MARC details
000 -LEADER
fixed length control field 00833nam a22002177a 4500
003 - CONTROL NUMBER IDENTIFIER
control field OSt
005 - DATE AND TIME OF LATEST TRANSACTION
control field 20250819144238.0
008 - FIXED-LENGTH DATA ELEMENTS--GENERAL INFORMATION
fixed length control field 250815b |||||||| |||| 00| 0 eng d
040 ## - CATALOGING SOURCE
Transcribing agency 0
082 ## - DEWEY DECIMAL CLASSIFICATION NUMBER
Classification number DPer 613.705 J826 January-December 2020 v. 91 n. 1-9
100 ## - MAIN ENTRY--PERSONAL NAME
Personal name Duncan, Charles A.
Relator term author.
9 (RLIN) 66924
245 ## - TITLE STATEMENT
Title Getting competition under control /
Statement of responsibility, etc. Charles A. Duncan and Ben Kern.
260 ## - PUBLICATION, DISTRIBUTION, ETC. (IMPRINT)
Place of publication, distribution, etc. Virginia ;
Name of publisher, distributor, etc. American Alliance for Health ,
Date of publication, distribution, etc. February 2020.
300 ## - PHYSICAL DESCRIPTION
Extent Volume 91, pages 33-41 :
Other physical details illustration ;
Dimensions 28 cm.
500 ## - GENERAL NOTE
General note The Journal of Physical Education Recreation & Dance, vol. 91, no. 2, pages 33-41, February 2020.
650 #0 - SUBJECT ADDED ENTRY--TOPICAL TERM
Topical term or geographic name as entry element Physical education.
9 (RLIN) 50439
650 #0 - SUBJECT ADDED ENTRY--TOPICAL TERM
Topical term or geographic name as entry element Competition.
9 (RLIN) 19757
700 ## - ADDED ENTRY--PERSONAL NAME
Personal name Duncan, Charles A.
Relator term author.
9 (RLIN) 66924
700 ## - ADDED ENTRY--PERSONAL NAME
Personal name Kern, Ben D.
Relator term author.
9 (RLIN) 59747
942 ## - ADDED ENTRY ELEMENTS (KOHA)
Source of classification or shelving scheme Dewey Decimal Classification
Koha item type Periodicals
Holdings
Withdrawn status Lost status Source of classification or shelving scheme Damaged status Not for loan Home library Current library Date acquired Total Checkouts Full call number Date last seen Price effective from Koha item type Public note
    Dewey Decimal Classification     UM Digos College - LIC UM Digos College - LIC 10/07/2024   DPer 613.705 J826 January-December 2020 v. 91 n. 1-9 08/15/2025 08/15/2025 Periodicals Periodical Article